00998nam a22002897a 450000500170000000800410001702000170005804000180007508200220009310000140011524501210012925000120025026000340026230000320029665000250032865000280035365000300038165000340041165000320044565000290047765000330050665000290053965000360056865000330060465000440063770000270068120230420154403.0230420b ||||| |||| 00| 0 eng d a978148425189 cAIMIT LIBRARY 21a005.7402bWARB aWard, Bob aSql server 2019 revealed:bIncluding big data clusters and machine learning /cBy Bob Ward ; Foreword by Rohan Kumar a1st ed. aTexas, USA :bApress ,c2019. axxi ;422p. :bPB:c25.5 cm. aWhy SQL Server 2019? aIntelligent Performance aNew Security Capabilities aMission Critical Availability aModern Development Platform aSQL Server 2019 on Linux aInside SQL Server Containers aSQL Server on Kubernetes aSQL Server Data Virtualization  aSQL Server Big Data Clusters aThe Voice of the Customer and Migration aKumar, RohaneForeword